Silicon valley : a novel /

Bibliographic Details
Main Author: Rogers, Michael, 1950-
Format: Book
Language:English
Published: New York : Simon and Schuster, [1982]

MARC

Tag First Indicator Second Indicator Subfields
LEADER 00000pam a2200000 a 4500
001 in00000032950
005 20151007063258.0
008 820222s1982 nyu 00011 eng
010 |a  82003207  
020 |a 067141030X 
035 |a (OCoLC)08283547 
035 |9 AAD6998AM 
039 0 |a 2  |b 3  |c 3  |d 3  |e 3 
040 |a DLC  |c DLC  |d TXA  |d UtOrBLW 
049 |a TXAM  |c [933841] 
050 0 0 |a PS3568.O453  |b S55 1982 
082 0 |a 813/.54  |2 19 
100 1 |a Rogers, Michael,  |d 1950- 
245 1 0 |a Silicon valley :  |b a novel /  |c by Michael Rogers. 
264 1 |a New York :  |b Simon and Schuster,  |c [1982] 
264 4 |c ©1982 
300 |a 254 pages ;  |c 22 cm. 
336 |a text  |b txt  |2 rdacontent 
337 |a unmediated  |b n  |2 rdamedia 
338 |a volume  |b nc  |2 rdacarrier 
999 |a MARS 
999 f f |s 4237afb9-10aa-3402-aa8d-81da4600f2c0  |i 910db83d-ed32-337e-a106-c2816247001c  |t 0 
952 f f |p normal  |a Texas A&M University  |b College Station  |c Sterling C. Evans Library  |d Evans: Library Stacks  |t 0  |e PS3568.O453 S55 1982  |h Library of Congress classification  |i unmediated -- volume  |m A14806309213 
998 f f |a PS3568.O453 S55 1982  |t 0  |l Evans: Library Stacks